[Event "DSOL 01 Liga Gr-D 1st"]
[Site "Playchess.com INT"]
[Date "2020.07.21"]
[Round "5.2"]
[White "Huenerfauth, Uwe"]
[Black "Ottway, Christopher"]
[Result "1/2-1/2"]
[WhiteElo "1999"]
[BlackElo "1923"]
[PlyCount "125"]
[EventDate "2020.06.22"]
[EventType "team-tourn (rapid)"]
[EventCountry "GER"]
[SourceTitle "EXT 2021"]
[Source "ChessBase"]
[SourceDate "2020.10.23"]
[SourceVersion "1"]
[SourceVersionDate "2020.10.23"]
[SourceQuality "1"]
[WhiteTeam "Landau"]
[BlackTeam "Biebertal"]
[WhiteTeamCountry "GER"]
[BlackTeamCountry "GER"]

1. d4 g6 2. Nf3 Bg7 3. g3 d6 4. Bg2 Nd7 5. 0-0 e5 6. c4 exd4 7. Nxd4 Ne7 8. Nc3 0-0 9. e4 Nc6 10. Nxc6 bxc6 11. Qc2 Rb8 12. b3 c5 13. Bb2 Ne5 14. Nd5 Ba6 15. f4 Nc6 16. Bxg7 Kxg7 17. Qc3+ Nd4 18. f5 Bb7 19. f6+ Qxf6 20. Nxf6 Ne2+ 21. Kh1 Nxc3 22. Nd7 Bxe4 23. Nxb8 Rxb8 24. Rae1 f5 25. g4 Re8 26. gxf5 gxf5 27. Bxe4 Nxe4 28. Kg2 Kf6 29. Rf4 Rg8+ 30. Kf1 Kg5 31. Rexe4 fxe4 32. Rxe4 Rg7 33. Ke2 Kf5 34. Kf3 Rd7 35. Rh4 c6 36. Rh6 Ke5 37. Ke3 Rf7 38. Rh5+ Ke6 39. Rh6+ Kd7 40. Rh5 Kc7 41. h4 Kd7 42. Ke2 Ke6 43. Ke3 d5 44. Rh6+ Kd7 45. cxd5 cxd5 46. Ra6 Kc8 47. Rc6+ Rc7 48. Rd6 c4 49. bxc4 dxc4 50. Kd2 Rd7 51. Rxd7 Kxd7 52. Kc3 Ke6 53. Kxc4 Kf5 54. Kb5 Kg4 55. Ka6 Kxh4 56. Kxa7 Kg5 57. Kb8 h5 58. a4 h4 59. a5 h3 60. a6 h2 61. a7 h1Q 62. a8Q Qxa8+ 63. Kxa8 1/2-1/2

[Event "GER Cup19 sf28 serv"]
[Site "GER email"]
[Date "2013.07.14"]
[Round "?"]
[White "Huenerfauth, Uwe"]
[Black "Bennewitz, Bernhard"]
[Result "0-1"]
[WhiteElo "1978"]
[BlackElo "1871"]
[PlyCount "124"]
[EventDate "2013.07.20"]
[EventType "tourn (corr)"]
[EventRounds "6"]
[EventCountry "GER"]
[SourceTitle "Corr 2020"]
[Source "ChessBase"]
[SourceDate "2019.09.30"]
[SourceVersion "1"]
[SourceVersionDate "2019.09.30"]
[SourceQuality "1"]

1. e4 e5 2. Nc3 Nf6 3. g3 d5 4. exd5 Nxd5 5. Bg2 Nxc3 6. bxc3 c5 7. Ne2 Bd6 8. 0-0 Nc6 9. Rb1 0-0 10. d3 Rb8 11. Be3 Bg4 12. Qd2 Qd7 13. Rfe1 Rfe8 14. d4 cxd4 15. cxd4 b6 16. d5 Na5 17. Nc3 Rbc8 18. Qd3 Nc4 19. Ne4 Be7 20. Qb3 h6 21. a4 Red8 22. Bc1 Bf5 23. Bb2 Bxe4 24. Bxe4 Nd2 25. Qd3 Nxb1 26. Rxb1 Bd6 27. a5 Qa4 28. axb6 Qa2 29. c3 Rb8 30. Bc1 Rxb6 31. Rxb6 axb6 32. Be3 Rc8 33. Kg2 Qc4 34. Bxb6 Qxd3 35. Bxd3 Rxc3 36. Bf5 Kf8 37. g4 Ke7 38. h4 Bc5 39. Bc7 f6 40. f3 Ra3 41. h5 Ra7 42. d6+ Bxd6 43. Bb6 Ra2+ 44. Kg3 Bb4 45. Be3 Be1+ 46. Kh3 Kd6 47. Bg1 Bc3 48. Be4 Bd4 49. Bh2 Be3 50. Bf5 Kd5 51. Be4+ Kd4 52. Bf5 Kc3 53. Be4 Kd2 54. Bd5 Rb2 55. Bg3 Kd1 56. Be4 Bf4 57. Bd3 Kd2 58. Bc4 Ke3 59. Bd5 Bxg3 60. Kxg3 Rb1 61. Kg2 Kf4 62. Be4 Rb2+ 0-1

[Event "GER Cup19 sf28 serv"]
[Site "GER email"]
[Date "2013.07.14"]
[Round "?"]
[White "Packroff, Hermann"]
[Black "Huenerfauth, Uwe"]
[Result "1/2-1/2"]
[WhiteElo "2000"]
[BlackElo "1978"]
[PlyCount "48"]
[EventDate "2013.07.20"]
[EventType "tourn (corr)"]
[EventRounds "6"]
[EventCountry "GER"]
[SourceTitle "Corr 2015"]
[Source "ChessBase"]
[SourceDate "2015.07.17"]
[SourceVersion "1"]
[SourceVersionDate "2015.07.17"]
[SourceQuality "1"]

1. e4 c5 2. Nf3 d6 3. d4 cxd4 4. Nxd4 Nf6 5. Nc3 a6 6. Bg5 e6 7. f4 Be7 8. Qf3 Nbd7 9. 0-0-0 Qc7 10. g4 h6 11. Bxf6 Bxf6 12. h4 Qb6 13. Qe3 Qc5 14. Qd3 Qc7 15. Bg2 Nc5 16. Qc4 Bd7 17. Qe2 0-0-0 18. Kb1 Kb8 19. Rd2 Be7 20. a3 Rc8 21. Qf2 Qb6 22. Rh3 Rc7 23. Rf3 Na4 24. Nxa4 Bxa4 1/2-1/2

[Event "GER Cup19 sf28 serv"]
[Site "GER email"]
[Date "2013.07.14"]
[Round "?"]
[White "Richter, Wolfgang"]
[Black "Huenerfauth, Uwe"]
[Result "1-0"]
[WhiteElo "1989"]
[BlackElo "1978"]
[PlyCount "97"]
[EventDate "2013.07.20"]
[EventType "tourn (corr)"]
[EventRounds "6"]
[EventCountry "GER"]
[SourceTitle "Corr 2015"]
[Source "ChessBase"]
[SourceDate "2015.07.17"]
[SourceVersion "1"]
[SourceVersionDate "2015.07.17"]
[SourceQuality "1"]

1. e4 e5 2. Nf3 Nc6 3. Bb5 a6 4. Bxc6 dxc6 5. 0-0 f6 6. d4 exd4 7. Nxd4 c5 8. Ne2 Qxd1 9. Rxd1 Bd7 10. Nbc3 0-0-0 11. Be3 Re8 12. Rd2 Bc6 13. Rad1 b6 14. a4 Ne7 15. a5 Ng6 16. axb6 cxb6 17. Ng3 Ne5 18. b3 g6 19. Nd5 Bxd5 20. Rxd5 Nc6 21. Rd7 Rd8 22. Rxd8+ Nxd8 23. Ne2 Be7 24. Nf4 Nc6 25. g3 Re8 26. f3 Bd8 27. Kf2 a5 28. h4 Ne5 29. Nd5 Kb7 30. Bf4 b5 31. Ke3 Kc6 32. c4 bxc4 33. Bxe5 fxe5 34. bxc4 Bc7 35. Rd3 Bd8 36. Rb3 Bc7 37. Ra3 Ra8 38. f4 a4 39. Kf3 exf4 40. gxf4 Bd8 41. h5 g5 42. e5 gxf4 43. Kxf4 Kd7 44. Kf5 Ra6 45. Nf4 Ra7 46. e6+ Kd6 47. Rd3+ Ke7 48. Nd5+ Kf8 49. Nf6 1-0

[Event "Zweibruecken PSB-ch MAT1 82nd"]
[Site "Zweibruecken"]
[Date "2013.03.29"]
[Round "7"]
[White "Huenerfauth, Uwe"]
[Black "Schliedermann, Mario"]
[Result "1/2-1/2"]
[WhiteElo "2100"]
[BlackElo "1941"]
[PlyCount "53"]
[EventDate "2013.??.??"]
[EventType "tourn"]
[EventRounds "9"]
[EventCountry "GER"]
[SourceTitle "EXT 2014"]
[Source "ChessBase"]
[SourceDate "2013.11.20"]
[SourceVersion "1"]
[SourceVersionDate "2013.11.20"]
[SourceQuality "1"]

1. e4 e5 2. Nc3 Nf6 3. g3 Nc6 4. Bg2 Bc5 5. Nge2 d6 6. h3 0-0 7. Na4 Bb6 8. Nxb6 axb6 9. Nc3 Be6 10. d3 h6 11. g4 Qd7 12. f4 exf4 13. Bxf4 Ra5 14. 0-0 Qe7 15. Qd2 Nh7 16. Nd5 Qd8 17. Bg3 Ne7 18. Nf4 Bd7 19. Rf2 Ng5 20. a3 Ne6 21. Nh5 Ng6 22. Raf1 Qg5 23. Qe1 Qb5 24. Qc1 Qg5 25. Qe1 Qb5 26. Qc1 Qg5 27. Qe1 1/2-1/2

[Event "Berlin Lichtenberger op 9th"]
[Site "Berlin"]
[Date "2010.08.11"]
[Round "6"]
[White "Huenerfauth, Uwe"]
[Black "Peters, Henning"]
[Result "1-0"]
[WhiteElo "2108"]
[BlackElo "1740"]
[PlyCount "49"]
[EventDate "2010.08.07"]
[EventType "swiss"]
[EventRounds "9"]
[EventCountry "GER"]
[SourceTitle "CBM 137 Extra"]
[Source "ChessBase"]
[SourceDate "2010.09.01"]
[SourceVersion "1"]
[SourceVersionDate "2010.09.01"]
[SourceQuality "1"]

1. Nf3 c5 2. g3 g6 3. c4 Nf6 4. Nc3 Nc6 5. Bg2 Bg7 6. 0-0 0-0 7. Rb1 Nh5 8. a3 a5 9. e3 f5 10. d4 d6 11. dxc5 dxc5 12. Qc2 e6 13. Nb5 Ne5 14. Rd1 Qe7 15. Nxe5 Bxe5 16. b4 Bd7 17. bxc5 Bc6 18. Nd6 Rfd8 19. Bxc6 bxc6 20. Rb7 Rd7 21. Rxd7 Qxd7 22. Nxf5 Qc7 23. Nh6+ Kf8 24. Ng4 Rb8 25. Qe4 1-0

[Event "Berlin Lichtenberger op 9th"]
[Site "Berlin"]
[Date "2010.08.07"]
[Round "1"]
[White "Heldt, Ronny"]
[Black "Huenerfauth, Uwe"]
[Result "0-1"]
[WhiteElo "1611"]
[BlackElo "2108"]
[PlyCount "114"]
[EventDate "2010.08.07"]
[EventType "swiss"]
[EventRounds "9"]
[EventCountry "GER"]
[SourceTitle "CBM 137 Extra"]
[Source "ChessBase"]
[SourceDate "2010.09.01"]
[SourceVersion "1"]
[SourceVersionDate "2010.09.01"]
[SourceQuality "1"]

1. d4 Nf6 2. c4 c5 3. d5 b5 4. cxb5 a6 5. bxa6 Bxa6 6. Nc3 g6 7. e4 Bxf1 8. Kxf1 d6 9. Nge2 Bg7 10. h3 0-0 11. Kg1 Qa5 12. Kh2 Nbd7 13. Qc2 Rfb8 14. Rd1 Ne8 15. f4 Nc7 16. b3 Nb5 17. Bb2 Na3 18. Qc1 Qb4 19. Rd2 Nb6 20. Bxa3 Rxa3 21. Rb1 Rba8 22. Rc2 h5 23. Qd2 Qa5 24. Rg1 c4 25. Rb1 cxb3 26. Rxb3 Rxb3 27. axb3 Qb4 28. Rb2 Rc8 29. Rc2 Qxb3 30. Rb2 Bxc3 31. Rxb3 Bxd2 32. Rxb6 Rc4 33. e5 Bb4 34. exd6 Bxd6 35. Rb2 Bxf4+ 36. Nxf4 Rxf4 37. Rb7 Kf8 38. Kg3 Rd4 39. Rb8+ Kg7 40. Rb7 Kf6 41. Rb6+ Ke5 42. Rb7 Kd6 43. Rb6+ Kxd5 44. Rb5+ Ke6 45. Rb6+ Kf5 46. Rb7 Re4 47. Kf3 h4 48. Rb5+ e5 49. Rb7 f6 50. Rb2 Ra4 51. Rb3 Kg5 52. Re3 Rf4+ 53. Ke2 Kf5 54. Rc3 g5 55. Rf3 Rxf3 56. gxf3 Kf4 57. Kf2 f5 0-1

[Event "Berlin Lichtenberger op 9th"]
[Site "Berlin"]
[Date "2010.08.07"]
[Round "2"]
[White "Huenerfauth, Uwe"]
[Black "Kalinitschew, Sergey"]
[Result "0-1"]
[WhiteElo "2108"]
[BlackElo "2462"]
[PlyCount "74"]
[EventDate "2010.08.07"]
[EventType "swiss"]
[EventRounds "9"]
[EventCountry "GER"]
[SourceTitle "CBM 137 Extra"]
[Source "ChessBase"]
[SourceDate "2010.09.01"]
[SourceVersion "1"]
[SourceVersionDate "2010.09.01"]
[SourceQuality "1"]

1. e4 c5 2. Nc3 Nc6 3. g3 g6 4. Bg2 Bg7 5. d3 d6 6. f4 Rb8 7. Be3 Bd7 8. Nf3 b5 9. Qd2 b4 10. Nd1 Nh6 11. h3 f5 12. 0-0 0-0 13. Kh2 a5 14. c3 a4 15. Rc1 bxc3 16. bxc3 Qa5 17. e5 dxe5 18. fxe5 Nf7 19. d4 Rfd8 20. Qf2 Qa6 21. Re1 cxd4 22. cxd4 Nb4 23. Bf1 Bb5 24. Bxb5 Qxb5 25. Nc3 Qa6 26. Red1 a3 27. Nd2 Nd3 28. Qf1 Rb2 29. Kg1 Bxe5 30. Nf3 Bxg3 31. Qxd3 Qb7 32. d5 e5 33. Ng5 e4 34. Ncxe4 fxe4 35. Qxe4 Nxg5 36. Bxg5 Qb6+ 37. Be3 Bf2+ 0-1

[Event "Berlin Lichtenberger op 7th"]
[Site "Berlin"]
[Date "2008.08.24"]
[Round "9"]
[White "Pueschel, Werner"]
[Black "Huenerfauth, Uwe"]
[Result "1/2-1/2"]
[WhiteElo "2189"]
[BlackElo "2089"]
[PlyCount "31"]
[EventDate "2008.08.16"]
[EventType "swiss"]
[EventRounds "9"]
[EventCountry "GER"]
[SourceTitle "CBM 126 Extra"]
[Source "ChessBase"]
[SourceDate "2008.11.05"]
[SourceVersion "1"]
[SourceVersionDate "2008.11.05"]
[SourceQuality "1"]

1. Nf3 e6 2. g3 b6 3. Bg2 Bb7 4. b3 Nf6 5. Bb2 Be7 6. 0-0 c5 7. c4 0-0 8. Qc2 d5 9. d3 Nbd7 10. Nbd2 d4 11. b4 e5 12. bxc5 Bxc5 13. Rfb1 Qc7 14. a4 a5 15. Nb3 Bb4 16. Qc1 1/2-1/2

[Event "Berlin Lichtenberger op 7th"]
[Site "Berlin"]
[Date "2008.08.22"]
[Round "7"]
[White "Huenerfauth, Uwe"]
[Black "Bukowski, Henryk"]
[Result "1/2-1/2"]
[WhiteElo "2089"]
[BlackElo "2175"]
[PlyCount "91"]
[EventDate "2008.08.16"]
[EventType "swiss"]
[EventRounds "9"]
[EventCountry "GER"]
[SourceTitle "CBM 126 Extra"]
[Source "ChessBase"]
[SourceDate "2008.11.05"]
[SourceVersion "1"]
[SourceVersionDate "2008.11.05"]
[SourceQuality "1"]

1. Nf3 Nf6 2. c4 e6 3. b3 b6 4. Bb2 Bb7 5. e3 Be7 6. Be2 0-0 7. 0-0 d6 8. d4 Nbd7 9. Nbd2 d5 10. Rc1 c6 11. Bd3 Re8 12. Qc2 Nf8 13. Ne5 N6d7 14. Ndf3 Rc8 15. Qe2 Nxe5 16. Nxe5 Ng6 17. Qh5 dxc4 18. bxc4 Bf6 19. f4 c5 20. Rcd1 Qc7 21. Ng4 cxd4 22. Nxf6+ gxf6 23. exd4 Qc6 24. Rf3 b5 25. Rg3 bxc4 26. Bxg6 fxg6 27. Rxg6+ Kh8 28. d5 Qb6+ 29. Bd4 Qxd4+ 30. Rxd4 c3 31. Rd1 c2 32. Rc1 Bxd5 33. Rxf6 Re7 34. Qe5 Kg8 35. Rxc2 Rce8 36. Rc7 Rxc7 37. Qxc7 Rf8 38. Rxf8+ Kxf8 39. Qxa7 h5 40. a4 Ke8 41. a5 Kd8 42. Qb8+ Kd7 43. a6 Ke7 44. a7 Kf6 45. a8Q Bxa8 46. Qxa8 1/2-1/2

[Event "Berlin Lichtenberger op 7th"]
[Site "Berlin"]
[Date "2008.08.21"]
[Round "6"]
[White "Knopf, Roland"]
[Black "Huenerfauth, Uwe"]
[Result "0-1"]
[WhiteElo "1949"]
[BlackElo "2089"]
[PlyCount "60"]
[EventDate "2008.08.16"]
[EventType "swiss"]
[EventRounds "9"]
[EventCountry "GER"]
[SourceTitle "CBM 126 Extra"]
[Source "ChessBase"]
[SourceDate "2008.11.05"]
[SourceVersion "1"]
[SourceVersionDate "2008.11.05"]
[SourceQuality "1"]

1. d4 Nf6 2. Bg5 c5 3. d5 Qb6 4. Nc3 g6 5. e4 d6 6. Bd2 Bg7 7. f4 0-0 8. Nf3 Bg4 9. h3 Bxf3 10. Qxf3 Nbd7 11. Rb1 a6 12. Be2 Qc7 13. a4 Kh8 14. 0-0 e6 15. dxe6 fxe6 16. Bc4 Rae8 17. Qd3 Qc6 18. Ba2 Nb6 19. a5 Na4 20. Rbe1 Nxb2 21. Qe2 Na4 22. Nxa4 Qxa4 23. Bb3 Qd4+ 24. Kh2 d5 25. c3 Qxe4 26. Qf2 Qd3 27. Ba4 Ne4 28. Rxe4 dxe4 29. Bxe8 Rxe8 30. Be3 c4 0-1

[Event "Oberliga Sued W 0607"]
[Site "Germany"]
[Date "2007.03.18"]
[Round "8.5"]
[White "Huenerfauth, Uwe"]
[Black "Junker, Reiner"]
[Result "0-1"]
[WhiteElo "1979"]
[BlackElo "2313"]
[PlyCount "108"]
[EventDate "2006.10.15"]
[EventType "team-tourn"]
[EventRounds "9"]
[EventCountry "GER"]
[SourceTitle "EXT 2009"]
[Source "ChessBase"]
[SourceDate "2008.11.26"]
[SourceVersion "1"]
[SourceVersionDate "2008.11.26"]
[SourceQuality "1"]
[WhiteTeam "Landau"]
[BlackTeam "Ludwigshafen"]
[WhiteTeamCountry "GER"]
[BlackTeamCountry "GER"]

1. Nf3 g6 2. c4 Bg7 3. g3 e5 4. d3 c5 5. Bg2 Nc6 6. Nc3 Nge7 7. 0-0 d6 8. a3 0-0 9. Rb1 a5 10. Nd5 Rb8 11. Ne1 Bd7 12. Nc2 b5 13. cxb5 Rxb5 14. Nce3 Be6 15. Bd2 Nd4 16. Nxe7+ Qxe7 17. Nd5 Qa7 18. a4 Rbb8 19. e3 Nb3 20. Bc3 f5 21. Kh1 Qf7 22. e4 f4 23. Bf3 Qd7 24. gxf4 Bxd5 25. exd5 Rxf4 26. Be4 Bh6 27. Rg1 Rxf2 28. Qh5 Bg7 29. Qg4 Qxg4 30. Rxg4 Rbf8 31. Rbg1 R8f7 32. h4 Bh6 33. h5 Bf4 34. R4g2 Rxg2 35. Rxg2 g5 36. Bf3 Be3 37. Be2 h6 38. Kh2 Rf4 39. Bd1 Nd4 40. Bxa5 Bf2 41. Rg4 Rf7 42. Bb6 Be3 43. a5 Rf2+ 44. Rg2 Rf1 45. Bg4 Bf4+ 46. Rg3 Nf3+ 47. Bxf3 Rxf3 48. a6 Bxg3+ 49. Kg2 Rf2+ 50. Kxg3 Rxb2 51. a7 Ra2 52. Kf3 Kf7 53. Ke4 Ra4+ 54. Ke3 Ke7 0-1